Leadership : strategies for organizational effectiveness /

Bibliographic Details
Main Author: Cribbin, James J.
Format: Book
Language:English
Published: New York, N.Y. : AMACOM, [1981]
Subjects:

MARC

Tag First Indicator Second Indicator Subfields
LEADER 00000pam a2200000 a 4500
001 in00000070749
005 20151008061904.0
008 810812s1981 nyu b 00110 eng
010 |a  81012722  
020 |a 0814457266 
035 |a (OCoLC)07738099 
035 |9 AAJ9065AM 
039 0 |a 2  |b 3  |c 3  |d 3  |e 3 
040 |a DLC  |c DLC  |d TXA  |d UtOrBLW 
049 |a TXAM  |c [1672104] 
050 0 0 |a HD57.7  |b .C74 
082 0 |a 658.4/092  |2 19 
100 1 |a Cribbin, James J. 
245 1 0 |a Leadership :  |b strategies for organizational effectiveness /  |c James J. Cribbin. 
264 1 |a New York, N.Y. :  |b AMACOM,  |c [1981] 
264 4 |c ©1981 
300 |a viii, 296 pages ;  |c 22 cm. 
336 |a text  |b txt  |2 rdacontent 
337 |a unmediated  |b n  |2 rdamedia 
338 |a volume  |b nc  |2 rdacarrier 
504 |a Includes bibliographical references and index. 
650 0 |a Leadership. 
650 0 |a Management. 
999 |a MARS 
999 f f |s 2903aa6e-e829-3b7b-a8bd-3443a5fbd3f4  |i 58405d8f-c6f2-3722-9bdd-b6a7b79f18fb  |t 0 
952 f f |p ric  |a Texas A&M University  |b Rellis Campus  |c Joint Library Facility  |d Remote Storage  |t 0  |e HD57.7 .C74  |h Library of Congress classification  |i unmediated -- volume  |m A14806124265 
998 f f |a HD57.7 .C74  |t 0  |l Remote Storage